00478 2200205 4500001002100000008004100021035002000062245003700082100002000119250000600139260003200145300001200177084001400189082000800203650001300211990001200224990001200236990001200248990001200260INLIS000000000000701 ind  a0010-0424000677 aElektropneumatikcEka Triaryanto aTriaryamto, Eka a1 aYogyakarta :bSkriptac2015 a130 hlm a600 EKA e a600 aNonfiksi a0721884 a0721885 a0721886 a0721887